Word Ladder: Van Halen Quiz Stats

 Plays Quiz Updated Jun 30, 2015

Challenge
Share
Tweet
Embed
Score 0/40 Timer 05:00
0 Plays Today
Hint 4-Letter Word % Correct
Paid to leave jailBAIL
96.6%
*Van Halen song: And the Cradle ____ Rock...*WILL
96.2%
Used to lure fishBAIT
96%
Side of a roomWALL
95.3%
Opposite of futurePAST
95.3%
*Van Halen Song: Ain't Talkin' ____ Love*BOUT
95.2%
*Van Halen song: I'll ____*WAIT
95.1%
*Van Halen member Michael Anthony's instrument*BASS
94.8%
A ticket to get backstage at a concertPASS
94.8%
Sea vesselBOAT
94.6%
A loud cryWAIL
94.5%
Flat surface in front of a windowSILL
93.8%
Place to sitSEAT
93.7%
Sound of the drumBEAT
93.1%
Make a sad facePOUT
93%
*Van Halen Album: Diver ____*DOWN
92.5%
Slightly wetDAMP
92.5%
Perform poorlyFAIL
92.2%
Corner of a baseball diamondBASE
92.1%
Where garbage goesDUMP
92.1%
Hint 4-Letter Word % Correct
VendSELL
91.6%
Small cityTOWN
91.6%
*Van Halen singer: David Lee ____*ROTH
91.4%
SunriseDAWN
91.3%
A wooden supportPOST
91.2%
Insect drawn to lightMOTH
91%
*Van Halen song* or to hopJUMP
90.9%
*Van Halen song: The Seventh ____*SEAL
90.4%
Unsure which option to pickTORN
89.5%
To condemnDAMN
88.7%
RippedTORE
86.5%
*Van Halen song: Everybody Wants ____!!!*SOME
86%
Physically painfulSORE
84.1%
A large bookTOME
81.6%
Method of brute memorizationROTE
79.2%
To carryTOTE
77.6%
A bit of dustMOTE
77.4%
Give a score toRATE
76.1%
Restrain or reduceBATE
74.4%
*Van Halen album: ____ Warning*FAIR
72.9%

Today's Daily Dose

Missing Word
Biopics

Word Ladder
Food Idioms

Quick Pick
Diets

On This Day
December 18th II

You're not logged in!

Compare scores with friends on all Sporcle quizzes.
OR
Log In

You Might Also Like...

Show Comments

Extras

Top Quizzes Today


Score Distribution

Your Account Isn't Verified!

In order to create a playlist on Sporcle, you need to verify the email address you used during registration. Go to your Sporcle Settings to finish the process.

Report this User

Report this user for behavior that violates our Community Guidelines.

Details: